000 00722nam a2200217Ia 4500
003 GCL
008 140319s9999 xx 000 0 ara d
040 _aGCL /
_cGCL
082 0 4 _a239
_bن م
100 1 _aنظمى لوقا
245 1 0 _aمحمد الرسالة والرسول /
_cنظمى لوقا
700 1 _aكمال حسين
250 _aالثانية
260 _aالقاهرة :
_bمطابع دار الكتاب العربى ،
_c1959
300 _a191 ص ؛
_c20 سم
490 _aالموسوعة الاسلامية الكبرى
_v0
650 0 4 _aالسيرة النبوية
650 0 4 _aالسيرة النبوية - الاخلاق
650 0 4 _aالاسلام - اخلاق
942 _2ddc
_cBK
999 _c45568
_d45568